00628nam a2200229 a 4500001001300000003000900013005001700022008004100039020000800080082001300088100002600101245002500127260003200152300001000184500003500194650001700229700002600246902000800272942000700280952009400287999001700381nice12345678IN_TiNIC20260116015411.0130508s1953 boma grp 000 0 eng  ac000a955bDAV aDavar, Firoze Cowasji aIran and Its Culture aBombay bNew Book Co c1953 a490p  aincludes index and biblioraphy aIran-History1 aDavar, Firoze Cowasji bSRS cBK 00104070aHMIbHMId2013-05-08g0.00l0o955 DAVp11002383r2013-05-08w2026-01-16yEB c19549d19549